000 00458nam a22001577a 4500
003 OSt
005 20260120112751.0
008 260120b |||||||| |||| 00| 0 eng d
040 _cMRSPTU
041 _aEnglish
100 _aRichu Mittal, Supervisor: Dr. Naresh Kumar Garg
245 _aEnglish to Punjabi Translation System Using Hybrid Approach
260 _bDepartment of CSE, MRSPTU, Bathinda
_c2014
650 _aComputer Science
942 _2ddc
_cTH
_n0
999 _c10702
_d10702